Control, ajuste y reparación del sistema de inyección diesel / (Record no. 21487)

MARC details
000 -LEADER
campo de control de longitud fija 00592nam a2200193 i 4500
001 - NÚMERO DE CONTROL
campo de control 21487
003 - IDENTIFICADOR DE NÚMERO DE CONTROL
campo de control ES-MaACL
005 - FECHA Y HORA DE LA ÚLTIMA TRANSACCIÓN
campo de control 20250814052041.0
007 - CAMPO FIJO DE DESCRIPCIÓN FÍSICA--INFORMACIÓN GENERAL
campo de control de longitud fija t|
008 - DATOS DE LONGITUD FIJA--INFORMACIÓN GENERAL
campo de control de longitud fija 021126s1958 sp ||||1| spa d
080 ## - NÚMERO DE LA CLASIFICACIÓN DECIMAL UNIVERSAL
Número de la Clasificación Decimal Universal 621.436
100 1# - ENTRADA PRINCIPAL--NOMBRE DE PERSONA
Nombre de persona Albert Serra, Francisco.
9 (RLIN) 19329
245 10 - MENCIÓN DEL TÍTULO
Título Control, ajuste y reparación del sistema de inyección diesel /
Mención de responsabilidad, etc. Francisco Albert Serra.
260 ## - PUBLICACIÓN, DISTRIBUCIÓN, ETC.
Lugar de publicación, distribución, etc. Barcelona :
Nombre del editor, distribuidor, etc. Sintes,
Fecha de publicación, distribución, etc. [1958] (
Fabricante Salvadó)
300 ## - DESCRIPCIÓN FÍSICA
Extensión 222 p., 1 lám. :
Otras características físicas il. ;
Dimensiones 22 cm.
650 #7 - PUNTO DE ACCESO ADICIONAL DE MATERIA--TÉRMINO DE MATERIA
Término de materia o nombre geográfico como elemento de entrada Motores Diesel
Fuente del encabezamiento o término embne
9 (RLIN) 144297
852 ## - LOCALIZACIÓN
Ubicación ES-MaACL
Número de control de estantería C-16054
Holdings
Estatus retirado Estado de pérdida Estado de daño No para préstamo Biblioteca de origen Biblioteca actual Ubicación en estantería Fecha de adquisición Fuente de adquisición Total de préstamos Signatura topográfica completa Código de barras Visto por última vez Precio de reemplazo Tipo de ítem Koha
        Biblioteca del Ateneo de Madrid Biblioteca del Ateneo de Madrid Ficheros 17/01/2008     C-16054 1022081 23/02/2023 23/02/2023 Libro impreso